Holiday Quiz

Random Holiday or Celebrity Quiz
Score 0/20 Timer 07:00
2 Plays Today
% Correct
The Jackson 5 (Jackson 5 Christmas Album)
96%
Justin Bieber (Under the Mistletoe)
94.5%
Whitney Houston (One Wish: The Holiday Album)
88.8%
John Denver & The Muppets (A Christmas Together)
86.7%
John Travolta & Olivia Newton John (This Christmas)
80.4%
Barbra Streisand (Christmas Memories)
79.5%
Dean Martin (My Christmas Album)
70.2%
Garth Brooks (Garth Brooks and the Magic of Christmas)
68.2%
Regis Philbin (The Regis Philbin Christmas Album)
63%
Jessica Simpson (Happy Christmas)
48.7%
% Correct
She & Him (A Very She & Him Christmas)
45.6%
Anne Murray (Anne Murray's Christmas Album)
38.2%
Perry Como (The Perry Como Christmas Album)
37.2%
Toby Keith (Classic Christmas)
36.8%
Stephen Colbert (A Colbert Christmas)
33.9%
Toni Braxton (Snowflakes)
31.6%
Idina Menzel (Holiday Wishes)
28.6%
Kylie Minogue (Kylie Christmas)
15.5%
Raffi (Raffi's Christmas Album)
15.5%
Donna Summer (Christmas Spirit)
13.1%
Remove Ads.
Support Sporcle.
Get the best of Sporcle when you Go Orange. This ad-free experience offers more features, more stats, and more fun while also helping to support Sporcle. Thank you for becoming a member.

You're not logged in!

Compare scores with friends on all Sporcle quizzes.
OR
Log In

Show Comments

Extras

Top Quizzes Today


Score Distribution

Your Account Isn't Verified!

In order to create a playlist on Sporcle, you need to verify the email address you used during registration. Go to your Sporcle Settings to finish the process.

Report this User

Report this user for behavior that violates our Community Guidelines.

Details: